| 000 | 00417nam a2200181Ia 4500 | ||
|---|---|---|---|
| 001 | 16137 | ||
| 005 | 20260306170247.0 | ||
| 008 | 260306t2000||||xx |||||||||||||| ||und|| | ||
| 041 | _aESP | ||
| 082 |
_a346.952 _bC73 |
||
| 100 |
_aDomingo, Rafael _eAUT |
||
| 245 | 0 | _aCódigo civil japonés | |
| 260 | _c2000 | ||
| 300 |
_a323 páginas : _c25 cm. |
||
| 650 | _aGEN | ||
| 654 | _aCDE | ||
| 942 |
_cLIB _dJUS _fJUS _2ddc _n |
||
| 999 |
_c16137 _d16137 |
||